Every Arizona City Above 10K Population - Statistics

General Stats
  • This quiz has been taken 19 times
  • The average score is 21 of 68
Answer Stats
Population City % Correct
1,644,409 Phoenix
100%
546,574 Tucson
100%
243,050 Scottsdale
95%
75,907 Flagstaff
89%
512,498 Mesa
89%
185,950 Tempe
89%
98,527 Yuma
89%
280,711 Chandler
84%
252,136 Glendale
84%
275,346 Gilbert
79%
197,866 Peoria
79%
154,198 Surprise
74%
105,406 Goodyear
68%
58,926 Lake Havasu City
63%
47,603 Prescott
63%
105,567 Buckeye
53%
60,032 Casa Grande
53%
34,918 Kingman
53%
66,290 Maricopa
53%
91,617 Avondale
47%
19,833 Nogales
47%
49,075 Prescott Valley
47%
42,920 Bullhead City
42%
40,173 Apache Junction
37%
55,962 Marana
37%
12,056 Show Low
37%
48,226 Oro Valley
32%
70,734 Queen Creek
32%
45,439 Sierra Vista
32%
37,693 Sun City
26%
15,589 Douglas
21%
16,653 Payson
21%
16,711 Coolidge
16%
35,985 El Mirage
16%
96,127 San Tan Valley
16%
12,409 Camp Verde
11%
70,224 Casas Adobes
11%
10,297 Safford
11%
35,638 Sahuarita
11%
35,770 San Luis
11%
14,514 Somerton
11%
50,096 Catalina Foothills
5%
13,669 Chino Valley
5%
17,042 Eloy
5%
24,795 Florence
5%
15,872 Fort Mohave
5%
17,731 New River
5%
12,606 Paradise Valley
5%
14,715 Vail
5%
22,750 Anthem
0%
12,943 Cottonwood City
0%
30,599 Drexel Heights
0%
16,965 Flowing Wells
0%
26,727 Fortuna Foothills
0%
23,785 Fountain Hills
0%
11,233 Gold Canyon
0%
20,729 Green Valley
0%
12,858 New Kingman-Butler
0%
20,914 Rio Rico
0%
11,252 Saddlebrooke
0%
14,822 Sierra Vista Southeast
0%
26,354 Sun City West
0%
13,912 Sun Lakes
0%
14,946 Tanque Verde
0%
12,411 Tucson Estates
0%
11,451 Tucson Mountains
0%
12,887 Valencia West
0%
12,658 Verde Village
0%
No matching quizzes found
Score Distribution
Percent of People with Each Score
Percentile by Number Answered
Your Score History
You have not taken this quiz